| 000 | 01203nam a22003497a 4500 | ||
|---|---|---|---|
| 999 |
_c21503 _d21503 |
||
| 003 | AR-CdUCM | ||
| 008 | 190220b ||||| |||| 00| 0 spa d | ||
| 020 | _a9789972517143 | ||
| 040 |
_aMUNICIPALIDAD PROVINCIAL DEL CUSCO _cBIBLIOTECA MUNICIPAL DEL CUSCO |
||
| 082 |
_a985.01/A81 _bA81 |
||
| 100 |
_aHernández Asensio, Raúl _944929 |
||
| 245 |
_aSeñores del pasado : _barqueólogos, museos y huaqueros en el Perú / _cRaúl H. Asensio |
||
| 260 |
_aLima : _bInstituto de Estudios Peruanos, IEP, _c2018. |
||
| 300 |
_a580 páginas. : _bilustraciones ; _c23 cm. |
||
| 440 |
_aSerie Estudio Histórico, _n79. _945120 |
||
| 500 | _zBibliografía: p. [539]-580. | ||
| 650 |
_aAntigüedades _930188 |
||
| 650 |
_aValuación _945121 |
||
| 650 |
_aHistoria _945122 |
||
| 650 |
_aArqueología _9371 |
||
| 650 |
_aPatrimonio cultural _93805 |
||
| 650 |
_aProtección _931052 |
||
| 650 |
_aAspectos sociales _9262 |
||
| 650 |
_aMuseos arqueológicos _945123 |
||
| 650 |
_aArqueólogos _938031 |
||
| 650 |
_aAntigüedades _930188 |
||
| 650 |
_aÉpoca Prehispánica _92714 |
||
| 650 |
_aPerú _945124 |
||
| 710 |
_aInstituto de Estudios Peruanos (Lima) _99759 |
||
| 942 |
_2ddc _cLIBROS |
||
| 945 | _aRoel | ||